Guess the Taylor Swift (no hints) #14 - Statistics

General Stats
  • This quiz has been taken 106 times
  • The average score is 279 of 413
Answer Stats
Answer % Correct
a
99%
You
99%
you
99%
you,
99%
I
97%
the
96%
we
96%
We
96%
me
95%
me?
95%
and
94%
And
94%
it
94%
your
94%
my
91%
to
91%
To
91%
on
88%
go
87%
in
87%
In
87%
was
87%
were
87%
love
86%
Too
86%
of
85%
all
83%
All
83%
for
82%
So
82%
so
82%
what
82%
at
79%
but
79%
But
79%
It's
79%
like
79%
they
79%
don't
78%
oh,
76%
oh
76%
Oh
76%
got
74%
have
74%
there
73%
us,
72%
as
69%
with
68%
'Cause
67%
eye
65%
never
65%
Never
65%
out
65%
think
65%
could
64%
Didn't
64%
didn't
64%
had
63%
last
63%
Last
63%
Wonderland
63%
back
62%
forever
62%
one
62%
our
62%
eyes
60%
knew
60%
down
59%
lost
59%
night
59%
found
58%
tell
58%
their
58%
went
58%
mind
56%
should
56%
green
55%
or
54%
mad
53%
things?
53%
better
51%
felt
51%
gone
51%
into
51%
around
50%
flash
50%
hole
50%
rabbit
50%
smile?
50%
life
49%
new,
49%
turn,
49%
feel
47%
pretended
47%
Took
47%
arms
46%
cat
46%
Fell
46%
seem
46%
wrong
46%
both
45%
make
45%
worse
45%
end,
44%
rush
44%
something
44%
twisting
44%
exciting?
42%
held
42%
home
42%
open
42%
slept
41%
way
41%
alone,
40%
minds?
40%
'til
40%
Cheshire
38%
control
38%
curious
38%
(eh,
38%
eh)
38%
(Eh,
38%
eh,
38%
(eh
38%
Haven't
38%
tight
38%
fears
37%
Flashing
37%
lights,
37%
talking
37%
darling
36%
fun,
36%
reached
36%
screams,
36%
seemed
36%
somebody
36%
straight
36%
turned
36%
games
35%
loses
35%
spinning
35%
becomes
33%
calm
33%
heard
33%
searched
33%
seems
33%
else
31%
whispers
31%
nothing's
29%
world
29%
strangers
27%
watching
26%
No matching quizzes found
Score Distribution
Percent of People with Each Score
Percentile by Number Answered
Your Score History
You have not taken this quiz